Regiones del mundo (parte 1) - Estadísticas

Estadísticas generales
  • Esta prueba ha sido intentada 219 veces
  • La puntuación promedio es 7 de 32
Estadísticas de respuestas
Imagen Respuesta % Correcto
Patagonia
66%
Escandinavia
57%
Cuerno de África
56%
Cáucaso
52%
África Subsahariana
48%
Cono Sur
46%
Magreb
42%
Benelux
40%
Anatolia
34%
Polinesia
32%
Euskal Herria
29%
Manchuria
29%
Sahel
29%
Asia Central
18%
Bahía de San Francisco / Bay Area
18%
Medio Oeste / Midwest
18%
Cachemira
15%
Banana Azul
14%
Mesoamérica
14%
Cinturón de fuego
13%
Mundo Árabe
13%
África Occidental
11%
Creciente Fértil
10%
Sur profundo / Deep South
7%
Cascadia
6%
Balcanes Occidentales
4%
Comunidad Andina
3%
Grupo de Visegrado
3%
Viejo Sur / Old South
3%
Grandes Lagos (de África)
2%
Indo-Pacífico
2%
Rin-Ruhr
2%
No se encontraron pruebas coincidentes
Distribución de puntuación
Porcentaje de gente con cada puntuación
Porcentaje por número respondido
Historial de tus puntuaciones
No has intentado esta prueba.